Statistics for 4th generation kpop groups

Click here to take the quiz!

General Stats

  • This quiz has been taken 1,855 times
    (175 since last reset)
  • The average score is 14 of 28

Answer Stats

HintAnswer% Correct
Super ShyNew Jeans
89%
starship entertainment, known as monster rookiesIve
84%
Girl group under HYBE, bullying allegationsLE SSERAFIM
84%
Became popular through their song ASAPStayc
76%
This group was formed on a television show in 2019 but disbanded in 2021iz*one
74%
Formed through the survival competition show I-Land, known for the song feverEnhypen
72%
member kicked out for bullying allegations(G)-idle
72%
BouncyAteez
69%
"Feelin like Cinderella"Tomorrow X Together
68%
can sing but aren't allowed to sing liveAespa
67%
One member's sister was in a popular 4th gen group that disbanded in 2021Itzy
67%
Known for their hit song "After school"weeekly
55%
Formed on girls planet in 2021Kep1er
53%
Known for having a weird debut songnmixx
53%
Ex GfriendViviz
51%
Formed through Boys PlanetZerobaseone
47%
Known for a member's facial expressions on stage, her fancam blew upBilllie
45%
Aren't popular in Korea due to their agency being Chinese ownedEverglow
38%
Under the same company as Mamamoo, known for the song zombiePurple Kiss
35%
SM collaboration projectG.O.T the beat
32%
Formed through idol schoolfromis_9
30%
LETS DO THE LIMBONature
24%
Notorious for having awful line distributionsLoona
19%
Who Dis?Secret Number
15%
Q & ACherry Bullet
11%
Formed on my teenage girlClassy
9%
Doom Doom TATRI.BE
9%
ChiquitaRocket Punch
8%

Score Distribution

Percentile by Number Answered

Percent of People with Each Score

Your Score History

You have not taken this quiz since the last reset